| 000 | 00471nam a2200157 i 4500 | ||
|---|---|---|---|
| 001 | 79499 | ||
| 003 | ES-MaACL | ||
| 005 | 20230906174005.0 | ||
| 007 | t| | ||
| 008 | 041021s1952 sp ||||1| spa d | ||
| 100 | 1 |
_aHernández-Rubio, José María. _963042 |
|
| 245 | 1 | 3 |
_aLa flor total _b: (antología, 1935-1952) / _cJosé María Hernández-Rubio. |
| 260 |
_aTenerife : _b[s.n., _c1952] |
||
| 300 |
_a75 p., 1 lám. ; _c25 cm. |
||
| 852 |
_aES-MaACL _j1973-F-16 _bR.34473 |
||
| 999 |
_c79499 _d79499 |
||